000 00634nam a22001937a 4500
999 _c180589
_d180589
005 20210812113024.0
010 _aENG-129836
020 _c995.00
_a978-0-19-949036-3
035 _aEN-113368
037 _bDBAD/PUB
082 _a658.4038
100 _aGurukkal, Rajan
245 _aHistory and Theory of Knowledge production:
_ban intoductory outline/
_cRajan Gurukkal
250 _a2019
260 _bOxford University press
_c2019
_aNew Delhi
270 _a2/11 Ground floor,Ansari Road,Daryaganj
_bNew Delhi
_e110002
300 _a308 p.
_c22cm (hbk)
_bBibiliography, Index
942 _2ddc
_cEN
_h658.4038
_kGUR